| 000 | 00819nam a22002777a 4500 | ||
|---|---|---|---|
| 001 | 200461416 | ||
| 003 | TR-AnTOB | ||
| 005 | 20241119104831.0 | ||
| 008 | 240701b tu ||||| |||| 00| 0 tur d | ||
| 020 | _a9789754996227 | ||
| 040 |
_aTR-AnTOB _beng _erda _cTR-AnTOB |
||
| 041 | _atur | ||
| 092 |
_a813.42 _bYAM 2016 |
||
| 100 | 1 |
_aYaman, Derya Özer _9146012 |
|
| 245 |
_aKarahindibaya ne oldu ? / _cDerya Özer Yaman ; resimleyen : İlker Gazioğlu |
||
| 250 | _a1. bs. | ||
| 260 |
_aAnkara : _bKök Yayıncılık ; _c2016 |
||
| 300 |
_a56 Pages. : _bill. ; _c19 cm. |
||
| 336 |
_atext _btxt _2rdacontent |
||
| 337 |
_aunmediated _bn _2rdamedia |
||
| 338 |
_avolume _bnc _2rdacarrier |
||
| 700 | 1 |
_aGazioğlu, İlker _e. _9146013 |
|
| 942 |
_2ddc _cBK |
||
| 999 |
_c200461416 _d79628 |
||